[Event "ASEAN-ch U18 14th"]
[Site "Chiangmai"]
[Date "2013.06.12"]
[Round "8"]
[White "Kamphusan, Thaphat"]
[Black "Che, Quoc Huu"]
[Result "0-1"]
[WhiteElo "1578"]
[BlackElo "1988"]
[PlyCount "94"]
[EventDate "2013.06.08"]
[EventType "swiss"]
[EventRounds "9"]
[EventCountry "THA"]
[SourceTitle "EXT 2014"]
[Source "ChessBase"]
[SourceDate "2013.11.20"]
[SourceVersion "1"]
[SourceVersionDate "2013.11.20"]
[SourceQuality "1"]

1. d4 d5 2. c4 c6 3. Nc3 Nf6 4. Bg5 Ne4 5. Bd2 Bf5 6. e3 e6 7. Nf3 Nd7 8. Be2 dxc4 9. Bxc4 Qb6 10. Nxe4 Bxe4 11. Bc3 Be7 12. Bd3 Nf6 13. 0-0 0-0 14. Ng5 Bxd3 15. Qxd3 Rfd8 16. Qc2 h6 17. Nf3 Nd5 18. Bd2 Rac8 19. Rac1 c5 20. dxc5 Rxc5 21. Qb1 Rdc8 22. Rxc5 Bxc5 23. Rc1 Rd8 24. a3 a5 25. Qc2 Be7 26. Nd4 Ra8 27. Qb3 Qxb3 28. Nxb3 Bf6 29. Nxa5 Bxb2 30. Rb1 Bc3 31. Nc4 Rc8 32. Bxc3 Nxc3 33. Rb4 Nd5 34. Rxb7 Rxc4 35. h3 Ra4 36. Rb3 Kh7 37. Kf1 Rc4 38. Rb1 Kg6 39. Ra1 Ra4 40. Ke2 Nc3+ 41. Ke1 Nb5 42. Rb1 Nxa3 43. Rb2 Nc4 44. Rc2 Rb4 45. Rc1 Ne5 46. Rd1 Rb2 47. Kf1 Kf5 0-1

[Event "ASEAN-ch U18 14th"]
[Site "Chiangmai"]
[Date "2013.06.10"]
[Round "4"]
[White "Kamphusan, Thaphat"]
[Black "Nguyen, Duy Trung"]
[Result "1/2-1/2"]
[WhiteElo "1578"]
[BlackElo "2027"]
[PlyCount "143"]
[EventDate "2013.06.08"]
[EventType "swiss"]
[EventRounds "9"]
[EventCountry "THA"]
[SourceTitle "EXT 2014"]
[Source "ChessBase"]
[SourceDate "2013.11.20"]
[SourceVersion "1"]
[SourceVersionDate "2013.11.20"]
[SourceQuality "1"]

1. d4 Nf6 2. c4 e6 3. Bg5 h6 4. Bxf6 Qxf6 5. Nf3 Bb4+ 6. Nbd2 0-0 7. e3 c5 8. a3 Ba5 9. Be2 Nc6 10. 0-0 cxd4 11. exd4 Nxd4 12. Nxd4 Qxd4 13. b4 Bc7 14. Nf3 Qf6 15. Qd4 Qxd4 16. Nxd4 d5 17. cxd5 exd5 18. Rfd1 Be5 19. Ra2 Bxd4 20. Rxd4 Be6 21. Rdd2 Rfd8 22. Bf3 Rac8 23. g3 Rc7 24. Kf1 Kf8 25. Ke2 Ke7 26. Rd3 Rdd7 27. Ke3 Kf6 28. Kd4 Rc8 29. Ke3 Re7 30. Ke2 d4 31. Kd1 Bc4 32. Bg4 Rcc7 33. Rf3+ Kg5 34. Bf5 h5 35. h4+ Kh6 36. Rb2 g6 37. Bd3 Be6 38. Rf4 Rc3 39. Rxd4 Rxa3 40. Kd2 Bg4 41. Rc2 Ra1 42. Rdc4 Rd7 43. R2c3 Rd1+ 44. Ke3 Re7+ 45. Re4 Rxd3+ 46. Kxd3 Bf5 47. f3 Bxe4+ 48. fxe4 Rd7+ 49. Ke3 Kg7 50. e5 Kf8 51. Ke4 Ke7 52. Ra3 a6 53. b5 axb5 54. Rb3 Kd8 55. Rxb5 Kc7 56. Kf4 Kc6 57. Rb4 b5 58. Kg5 Rb7 59. Kf6 Kc5 60. Rb1 b4 61. e6 fxe6 62. Kxg6 e5 63. Kxh5 Re7 64. g4 e4 65. g5 e3 66. g6 e2 67. Re1 Kd4 68. Kh6 Kd3 69. g7 Re8 70. Kh7 Re7 71. Kh8 Re4 72. Rh1 1/2-1/2